000 00698 a2200205 4500
001 29246
005 20260407155601.0
008 260407a1943 arg spa d
003 AR-UNSa-BCEJYS
040 _aAR-UNSa-BCEJYS
_bspa
_cAR-UNSa-BCEJYS
080 _a657
_xContabilidad
245 1 0 _aCompulsas y peritajes
264 1 _aBuenos Aires :
_bSelección Contable
_c1943
300 _a208 p.
_c22 cm.
505 _a1. Pericias en general - 2. Pericia en contabilidad - 3. Sucesiones - 4. Liquidación de averis maritimas - 5. Liquidación de seguros contra incendios.
942 _cBK
590 _aniveau_biblio:m niveau_hierar:0
100 1 _aSeoane, Joaquín Raúl
700 1 _aSeoane, Jorge
999 _c1814
_d1814